BSOP header

Introduction to clinical psychology (Record no. 51213)

MARC details
000 -LEADER
fixed length control field 02229cam a22004334a 4500
001 - CONTROL NUMBER
control field 15792079
005 - DATE AND TIME OF LATEST TRANSACTION
control field 20250224172913.0
008 - FIXED-LENGTH DATA ELEMENTS--GENERAL INFORMATION
fixed length control field 090625s2010 njua b 001 0 eng
010 ## - LIBRARY OF CONGRESS CONTROL NUMBER
LC control number 2009026528
015 ## - NATIONAL BIBLIOGRAPHY NUMBER
National bibliography number GBA981037
Source bnb
016 7# - NATIONAL BIBLIOGRAPHIC AGENCY CONTROL NUMBER
Record control number 101509490
Source DNLM
016 7# - NATIONAL BIBLIOGRAPHIC AGENCY CONTROL NUMBER
Record control number 015351089
Source Uk
020 ## - INTERNATIONAL STANDARD BOOK NUMBER
International Standard Book Number 9780470437513 (cloth : alk. paper)
020 ## - INTERNATIONAL STANDARD BOOK NUMBER
International Standard Book Number 0470437510 (cloth : alk. paper)
035 ## - SYSTEM CONTROL NUMBER
System control number (OCoLC)ocn423572149
040 ## - CATALOGING SOURCE
Original cataloging agency DNLM/DLC
Transcribing agency DLC
Modifying agency YDX
-- BTCTA
-- NLM
-- YDXCP
-- CDX
-- UKM
-- DLC
042 ## - AUTHENTICATION CODE
Authentication code pcc
060 00 - NATIONAL LIBRARY OF MEDICINE CALL NUMBER
Classification number 2010 A-932
100 1# - MAIN ENTRY--PERSONAL NAME
Personal name Hunsley, John,
Dates associated with a name 1959-
245 10 - TITLE STATEMENT
Title Introduction to clinical psychology
Medium [electronic resource] :
Remainder of title an evidence-based approach /
Statement of responsibility, etc John Hunsley [and] Catherine M. Lee.
260 ## - PUBLICATION, DISTRIBUTION, ETC. (IMPRINT)
Place of publication, distribution, etc Hoboken, NJ :
Name of publisher, distributor, etc John Wiley & Sons,
Date of publication, distribution, etc c2010.
300 ## - PHYSICAL DESCRIPTION
Extent xxiii, 556 p. :
Other physical details ill. ;
Dimensions 26 cm.
336 ## - CONTENT TYPE
Content Type Term text
337 ## - MEDIA TYPE
Media Type Term computer
338 ## - CARRIER TYPE
Carrier Type Term online resource
504 ## - BIBLIOGRAPHY, ETC. NOTE
Bibliography, etc Includes bibliographical references and indexes.
505 0# - FORMATTED CONTENTS NOTE
Formatted contents note The evolution of clinical psychology -- Contemporary clinical psychology -- Classification and diagnosis -- Research methods in clinical psychology -- Assessment : overview -- Assessment : interviewing and observation -- Assessment : intellectual and cognitive measures -- Assessment : self-report and projective measures -- Assessment : integration and clinical decision-making -- Prevention -- Intervention : overview -- Intervention : adults and couples -- Intervention : children and adolescents -- Intervention : identifying key elements of change -- Clinical health psychology, clinical neuropsychology, and forensic psychology.
650 #0 - SUBJECT ADDED ENTRY--TOPICAL TERM
Topical term or geographic name as entry element Clinical psychology
Form subdivision Textbooks.
650 12 - SUBJECT ADDED ENTRY--TOPICAL TERM
Topical term or geographic name as entry element Psychology, Clinical
General subdivision methods.
650 22 - SUBJECT ADDED ENTRY--TOPICAL TERM
Topical term or geographic name as entry element Mental Disorders
General subdivision diagnosis.
650 22 - SUBJECT ADDED ENTRY--TOPICAL TERM
Topical term or geographic name as entry element Mental Disorders
General subdivision prevention & control.
650 22 - SUBJECT ADDED ENTRY--TOPICAL TERM
Topical term or geographic name as entry element Psychological Tests.
655 ## - INDEX TERM--GENRE/FORM
Genre/form data or focus term electronic books
700 1# - ADDED ENTRY--PERSONAL NAME
Personal name Lee, Catherine M.
Fuller form of name (Catherine Mary),
Dates associated with a name 1955-
856 ## - ELECTRONIC LOCATION AND ACCESS
Uniform Resource Identifier <a href="https://drive.google.com/file/d/1D-7EJx-FZlwBrIX5UIaEL8MI77LfOuMB/view?usp=sharing">https://drive.google.com/file/d/1D-7EJx-FZlwBrIX5UIaEL8MI77LfOuMB/view?usp=sharing</a>
906 ## - LOCAL DATA ELEMENT F, LDF (RLIN)
a 7
b cbc
c orignew
d 1
e ecip
f 20
g y-gencatlg
942 ## - ADDED ENTRY ELEMENTS (KOHA)
Source of classification or shelving scheme Library of Congress Classification
Item type eBooks
Holdings
Withdrawn status Lost status Source of classification or shelving scheme Damaged status Not for loan Home library Current library Date acquired Inventory number Total Checkouts Date last seen Price effective from Koha item type
    Library of Congress Classification     BSOP Library Digital Library 05/08/2024 eB-00182   05/08/2024 05/08/2024 eBooks
BSOP

Biblical Seminary of the Philippines
  All rights Reserved
  © 2024

CONTACT INFORMATION

Biblical Seminary of the Philippines,
  77-B Karuhatan Road, Valenzuela City,
  PHILIPPINES 1441
  Phone: +632 8292-6795 / 8292-6798
  Fax : +632 8292-6675
  Email: library@bsop.edu.ph